NBA Lineups By Draft Night - Statistics

General Stats
  • This quiz has been taken 20 times
  • The average score is 77 of 150
Answer Stats
Hint Answer % Correct
HawksPG Luka Doncic
94%
C Bill Russell
89%
PF David West
83%
SG Jerry West
83%
C Kareem Abdul-Jabbar
83%
SF Kevin Durant
83%
LakersPG Magic Johnson
83%
SG Michael Jordan
83%
SF Paul Pierce
83%
C David Robinson
78%
SF Giannis Antetokounmpo
78%
SG Julius Erving
78%
SG Kevin Johnson
78%
CavaliersPG Kyrie Irving
78%
PF Larry Johnson
78%
PF Nikola Jokic
78%
ThunderPG Russell Westbrook
78%
PF Scottie Pippen
78%
PF Tim Duncan
78%
PelicansPG Chris Paul
72%
Trail BlazersPG Damian Lillard
72%
SF DeMar Derozan
72%
PF Dirk Nowitzki
72%
PF Draymond Green
72%
SG James Harden
72%
JazzPG John Stockton
72%
WizardsPG John Wall
72%
PF Kawhi Leonard
72%
SG Klay Thompson
72%
SF Kobe Bryant
72%
PF Larry Bird
72%
SF LeBron James
72%
C Shaquille O'Neal
72%
WarriorsPG Stephen Curry
72%
SunsPG Steve Nash
72%
C Wilt Chamberlain
72%
76ersPG Allen Iverson
67%
SG Alvin Robertson
67%
C Anthony Davis
67%
HornetsPG Baron Davis
67%
SF Blake Griffin
67%
PF Buck Williams
67%
SF Carmelo Anthony
67%
C Chris Bosh
67%
C Dennis Rodman
67%
SG Deron Williams
67%
SG Devin Booker
67%
SF Dominique Wilkins
67%
PF Dwight Howard
67%
PF Hakeem Olajuwon
67%
PistonsPG Isiah Thomas
67%
MavericksPG Jason Kidd
67%
C Joel Embiid
67%
PF Karl Malone
67%
PF Kevin Garnett
67%
SF Manu Ginobili
67%
KingsPG Oscar Robertson
67%
C Pau Gasol
67%
MagicPG Penny Hardaway
67%
SG Shai Gilgeous-Alexander
67%
SpursPG Tony Parker
67%
SG Anthony Edwards
61%
SF Bradley Beal
61%
PF Charles Barkley
61%
BullsPG Derrick Rose
61%
SG Dwyane Wade
61%
SF Elgin Baylor
61%
SG Jalen Rose
61%
NuggetsPG Jamal Murray
61%
SG Kyle Lowry
61%
SG Paul George
61%
TimberwolvesPG Ray Allen
61%
SG Tracy McGrady
61%
PF Bob Pettit
56%
HeatPG Caron Butler
56%
SG Clyde Drexler
56%
C Dikembe Mutombo
56%
PF James Worthy
56%
GrizzliesPG Ja Morant
56%
PF Jermaine O'Neal
56%
SF Jimmy Butler
56%
SF Joe Dumars
56%
SG John Havlicek
56%
C Karl-Anthony Towns
56%
C Patrick Ewing
56%
SF Zion Williamson
56%
C Alonzo Mourning
50%
C DeMarcus Cousins
50%
SF Elvin Hayes
50%
C George Mikan
50%
SF Kevin Love
50%
SF LaMarcus Aldridge
50%
SF Mike Conley
50%
ClippersPG Randy Smith
50%
PacersPG Reggie Miller
50%
SF Steve Smith
50%
C Artis Gilmore
44%
C Bill Walton
44%
RaptorsPG Damon Stoudamire
44%
C Dave Cowens
44%
SF George Gervin
44%
CelticsPG JoJo White
44%
C Mark Eaton
44%
SF Paolo Banchero
44%
SG Pete Maravich
44%
KnicksPG Walt Frazier
44%
C Wes Unseld
44%
PF Joakim Noah
39%
PF Pascal Siakam
39%
C Shawn Kemp
39%
BucksPG Sidney Moncrief
39%
C Yao Ming
39%
SF Andre Iguodala
33%
C Bob McAdoo
33%
PF Grant Hill
33%
SF Rick Barry
33%
PF Willis Reed
33%
C Bam Adebayo
28%
C Brad Daugherty
28%
SG Hal Greer
28%
SF Peja Stojakovic
28%
PF Shawn Marion
28%
SG Tiny Archibald
28%
C Amar'e Stoudamire
17%
PF Bill Laimbeer
17%
C Derrick Coleman
17%
PF Detlef Schrempf
17%
SG Earl Monroe
17%
PF Glen Rice
17%
NetsPG Kenny Anderson
17%
SF Mark Aguirre
17%
C Rik Smits
17%
SG Rolando Blackman
17%
RocketsPG Sam Cassell
17%
PF Shareef Abdur-Rahim
17%
SG Victor Oladipo
17%
SG Adrian Dantley
11%
SF Bernard King
11%
SF Danny Granger
11%
SG Dave Bing
11%
SF Jeff Hornacek
11%
PF Jerry Lucas
11%
PF Walt Bellamy
11%
SG Calvin Murphy
6%
C Jamal Mashburn
6%
SF R.J. Barrett
6%
SG Sleepy Floyd
6%
SG Buddy Hield
0%
SG Richie Guerin
0%
PF Spencer Haywood
0%
No matching quizzes found
Score Distribution
Percent of People with Each Score
Percentile by Number Answered
Your Score History
You have not taken this quiz